| 000 | 00660nam a2200229Ia 4500 | ||
|---|---|---|---|
| 003 | GCL | ||
| 008 | 140319s9999 xx 000 0 ara d | ||
| 040 |
_aGCL / _cGCL |
||
| 082 | 0 | 4 |
_a229.6 _bع ا |
| 100 | 1 | _aعبدالحليم حنفى | |
| 245 | 1 | 0 |
_aاسلوب السخرية فى القران / _cعبدالحليم حنفى |
| 260 |
_a[S.N] : _bالهيئة المصرية العامة للكتاب ، _c1987 |
||
| 300 | _a450 ص | ||
| 490 | _a | ||
| 650 | 0 | 4 | _aالاسلام |
| 650 | 0 | 4 | _aالسخرية |
| 650 | 0 | 4 | _aامثال |
| 650 | 0 | 4 | _aالديانات |
| 650 | 0 | 4 | _aحكم الاغريق |
| 650 | 0 | 4 | _aالقران |
| 942 |
_2ddc _cBK |
||
| 999 |
_c29541 _d29541 |
||